header

ADempiere 3.6 cookbook (Record no. 123380)

MARC details
000 -LEADER
fixed length control field 01161nam a2200277 a 4500
100 1# - MAIN ENTRY--AUTHOR NAME
Personal name Kumar, Ajit.
245 10 - TITLE STATEMENT
Title ADempiere 3.6 cookbook
260 ## - PUBLICATION, DISTRIBUTION, ETC. (IMPRINT)
Place of publication Olton, Birmingham :
Name of publisher Packt Pub. Ltd.,
Year of publication 2011.
300 ## - PHYSICAL DESCRIPTION
Number of Pages iii, 316 p. :
Other physical details ill. (some col.)
650 #0 - SUBJECT ADDED ENTRY--TOPICAL TERM
Topical Term Information resources management.
Topical Term Management information systems.
856 40 - ELECTRONIC LOCATION AND ACCESS
Uniform Resource Identifier http://site.ebrary.com/lib/rucke/Doc?id=10457047

No items available.

© 2026 Rongo University
Contact us: librarian | system librarian | Rongo university